• 首页
  • 本馆介绍
  • 公告通知
  • 最新文献
  • 馆藏检索
  • 电子资源
  • 读者导购
  • 参考咨询
  • 我的图书馆
  • 登录
  • 详细信息显示
  • 放入我的书架
  • 预约/预借图书
  • 作者相关作品
  • 分类相关作品
  • 丛书相关作品
  • 出版社相关作品

书目信息

  • 表格格式
  • 工作单格式
  • 卡片格式
题名:
电脑装机速成
    
 
作者: 卢永新 , 任广君 编著
分册:  
出版信息: 北京   海洋出版社  2000.10
页数: 243页
开本: 23cm
丛书名: 21世纪电脑培训丛书(一)
单 册:
中图分类: TP305
科图分类:
主题词: 计算技术 , 电子计算机
电子资源:
ISBN: 7-5027-5099-1
000 00726nam0 2200241 450
001 0655951546
005 20060929154001.73
010    @a7-5027-5099-1@dCNY69.60(全三册)
100    @a20060929d2000 km y0chiy0120 ea
101 0  @achi
102    @aCN@b110000
200 1  @a电脑装机速成@Adian nao zhuang ji su cheng@f卢永新,任广君编著@Flu yong xin,ren guang jun bian zhu
210    @a北京@c海洋出版社@d2000.10
215    @a243页@d23cm
225 2  @a21世纪电脑培训丛书(一)
410  0 @12001 @a21世纪电脑培训丛书(一)
606 0  @a计算技术
606 0  @a电子计算机
690    @aTP305@v3
701  0 @a卢永新@Alu yong xin@4编著
701  0 @a任广君@Aren guang jun@4编著
801  0 @aCN@bPFT@c20060929
905    @a10447@dTP305@e369
    
    电脑装机速成/卢永新,任广君编著.-北京:海洋出版社,2000.10
    243页;23cm.-(21世纪电脑培训丛书(一))
    
    
    ISBN 7-5027-5099-1:CNY69.60(全三册)
    
●
相关链接 在E读中查询图书 在五车中查询图书 在当当中查询图书 在豆瓣中查询图书


正题名:电脑装机速成     索取号:TP305/369         预约/预借

序号 登录号 条形码 馆藏地/架位号 状态 备注
1 0484047   204840477   密集书库/ [索取号:TP305/369] 在馆    
唐山师范学院图书馆 欢迎您!
大连网信软件有限公司© 版权所有